[Event "Rishon Le Ziyyon-ch U18"]
[Site "Rishon Le Ziyyon"]
[Date "2023.03.28"]
[Round "1"]
[White "Shefer, Uri"]
[Black "Birka, Elia"]
[Result "1/2-1/2"]
[WhiteElo "1928"]
[BlackElo "1535"]
[PlyCount "67"]
[EventDate "2023.03.28"]
[EventType "swiss"]
[EventRounds "9"]
[EventCountry "ISR"]
[SourceTitle "CBM 213 Extra"]
[Source "ChessBase"]
[SourceDate "2023.05.31"]
[SourceVersion "1"]
[SourceVersionDate "2023.05.31"]
[SourceQuality "1"]

1. d4 Nf6 2. c4 e6 3. g3 d5 4. Bg2 dxc4 5. Nf3 Bd7 6. Qc2 Bb5 7. Ne5 Ba6 8. Be3 Nd5 9. 0-0 Be7 10. Nd2 Nxe3 11. fxe3 0-0 12. Ndxc4 Nd7 13. Rab1 Nxe5 14. Nxe5 Bd6 15. b4 Bxe5 16. b5 Bxb5 17. Rxb5 Bd6 18. Rxb7 Qg5 19. Qd3 Rab8 20. Rxa7 Rb2 21. a4 h5 22. Rf3 h4 23. gxh4 Qxh4 24. Rh3 Qe1+ 25. Bf1 g6 26. Qe4 Rxe2 27. Qf3 Bxh2+ 28. Rxh2 Rxe3 29. Re2 Rxe2 30. Qxe2 Qg3+ 31. Qg2 Qe3+ 32. Qf2 Qg5+ 33. Bg2 Qc1+ 34. Kh2 1/2-1/2